000 00884cam a22002894a 4500
001 12883688
005 20180215033104.0
008 020805s2003 pauaf b 001 0 eng
010 _a 2002031288
020 _a0781727987
035 _a(DNLM)101151634
040 _aDNLM/DLC
_cDLC
_dDLC
041 _aeng
042 _apcc
060 1 0 _aWB 555
_bW692 2003
080 _a615.8515 bar
082 0 0 _a615.8515 bar
_221
100 _a3
101 _ashm
245 0 0 _aWillard & Spackman's occupational therapy.
246 3 _aWillard and Spackman's occupational therapy
246 3 0 _aOccupational therapy
504 _aIncludes bibliographical references and index.
906 _a7
_bcbc
_corignew
_d1
_eocip
_f20
_gy-gencatlg
942 _2ddc
_cBK
999 _c42568
_d42568